<?xml version="1.0" encoding="UTF-8"?>
<collection xmlns="http://www.loc.gov/MARC21/slim">
<record>
  <controlfield tag="001">170421</controlfield>
  <controlfield tag="005">20260420103355.0</controlfield>
  <datafield tag="024" ind1="7" ind2=" ">
    <subfield code="2">doi</subfield>
    <subfield code="a">10.1111/1541-4337.70474</subfield>
  </datafield>
  <datafield tag="024" ind1="8" ind2=" ">
    <subfield code="2">sideral</subfield>
    <subfield code="a">148957</subfield>
  </datafield>
  <datafield tag="037" ind1=" " ind2=" ">
    <subfield code="a">ART-2026-148957</subfield>
  </datafield>
  <datafield tag="041" ind1=" " ind2=" ">
    <subfield code="a">eng</subfield>
  </datafield>
  <datafield tag="100" ind1=" " ind2=" ">
    <subfield code="a">Song, Xue-Chao</subfield>
  </datafield>
  <datafield tag="245" ind1=" " ind2=" ">
    <subfield code="a">Identifying food packaging migrants: current analytical capabilities, challenges, and future prospects</subfield>
  </datafield>
  <datafield tag="260" ind1=" " ind2=" ">
    <subfield code="c">2026</subfield>
  </datafield>
  <datafield tag="520" ind1="3" ind2=" ">
    <subfield code="a">The migration of intentionally and non‐intentionally added substances (IAS/NIAS) from food packaging into foodstuffs presents a significant challenge to consumer health and food safety. Accurate and comprehensive identification of these chemical migrants is therefore paramount. This review systematically summarizes recent advances in the analytical workflows used to identify these migrants. We critically evaluate the latest developments in both gas chromatography coupled to mass spectrometry (GC–MS) and liquid chromatography coupled to high‐resolution mass spectrometry (LC–HRMS). Special attention is given to cutting‐edge techniques, such as comprehensive two‐dimensional gas chromatography (GC × GC) for enhanced separation of complex mixtures, high‐resolution filtering (HRF) for leveraging the dual advantages of gas chromatography coupled to high‐resolution mass spectrometry (GC–HRMS) accurate mass measurements and conventional low‐resolution spectral matching, and ion mobility spectrometry (IMS) for its unique ability to resolve isomers. Concurrently, we provide an in‐depth critique of the evolving data analysis strategies, from conventional targeted analysis to the more comprehensive suspect and nontargeted screening approaches. The principles, advantages, and limitations of each workflow are discussed in the context of their application to food packaging materials. Then, the review dissects major bottlenecks, notably the scarcity of reference standards and comprehensive mass spectral libraries, which hinder confident identification. Looking forward, we highlight promising future directions, emphasizing that the synergistic integration of open‐access mass spectral databases, adoption of novel analytical techniques, and machine learning‐based molecular property prediction will facilitate the identification of IAS and NIAS in food packaging. In addition, integrating chemical analysis with bioassays will enable the prioritization of high‐hazard chemicals, ultimately improving the safety evaluation of food packaging.</subfield>
  </datafield>
  <datafield tag="506" ind1="0" ind2=" ">
    <subfield code="a">Access copy available to the general public</subfield>
    <subfield code="f">Unrestricted</subfield>
  </datafield>
  <datafield tag="536" ind1=" " ind2=" ">
    <subfield code="9">info:eu-repo/grantAgreement/ES/DGA/T53-23R</subfield>
    <subfield code="9">info:eu-repo/grantAgreement/ES/MICINN/PID2021-128089OB-I00</subfield>
  </datafield>
  <datafield tag="540" ind1=" " ind2=" ">
    <subfield code="9">info:eu-repo/semantics/openAccess</subfield>
    <subfield code="a">by</subfield>
    <subfield code="u">https://creativecommons.org/licenses/by/4.0/deed.es</subfield>
  </datafield>
  <datafield tag="655" ind1=" " ind2="4">
    <subfield code="a">info:eu-repo/semantics/article</subfield>
    <subfield code="v">info:eu-repo/semantics/publishedVersion</subfield>
  </datafield>
  <datafield tag="700" ind1=" " ind2=" ">
    <subfield code="a">Su, Qi-Zhi</subfield>
  </datafield>
  <datafield tag="700" ind1=" " ind2=" ">
    <subfield code="a">Canellas, Elena</subfield>
    <subfield code="u">Universidad de Zaragoza</subfield>
    <subfield code="0">(orcid)0000-0003-2638-9221</subfield>
  </datafield>
  <datafield tag="700" ind1=" " ind2=" ">
    <subfield code="a">Lin, Qin-Bao</subfield>
  </datafield>
  <datafield tag="700" ind1=" " ind2=" ">
    <subfield code="a">Zhou, Yu</subfield>
  </datafield>
  <datafield tag="700" ind1=" " ind2=" ">
    <subfield code="a">Nerin, Cristina</subfield>
    <subfield code="u">Universidad de Zaragoza</subfield>
    <subfield code="0">(orcid)0000-0003-2685-5739</subfield>
  </datafield>
  <datafield tag="710" ind1="2" ind2=" ">
    <subfield code="1">2009</subfield>
    <subfield code="2">750</subfield>
    <subfield code="a">Universidad de Zaragoza</subfield>
    <subfield code="b">Dpto. Química Analítica</subfield>
    <subfield code="c">Área Química Analítica</subfield>
  </datafield>
  <datafield tag="773" ind1=" " ind2=" ">
    <subfield code="g">25, 3 (2026), [32 pp.]</subfield>
    <subfield code="p">Compr. Rev. Food. Sci. Food Saf.</subfield>
    <subfield code="t">COMPREHENSIVE REVIEWS IN FOOD SCIENCE AND FOOD SAFETY</subfield>
    <subfield code="x">1541-4337</subfield>
  </datafield>
  <datafield tag="856" ind1="4" ind2=" ">
    <subfield code="s">3340696</subfield>
    <subfield code="u">http://zaguan.unizar.es/record/170421/files/texto_completo.pdf</subfield>
    <subfield code="y">Versión publicada</subfield>
  </datafield>
  <datafield tag="856" ind1="4" ind2=" ">
    <subfield code="s">2396095</subfield>
    <subfield code="u">http://zaguan.unizar.es/record/170421/files/texto_completo.jpg?subformat=icon</subfield>
    <subfield code="x">icon</subfield>
    <subfield code="y">Versión publicada</subfield>
  </datafield>
  <datafield tag="909" ind1="C" ind2="O">
    <subfield code="o">oai:zaguan.unizar.es:170421</subfield>
    <subfield code="p">articulos</subfield>
    <subfield code="p">driver</subfield>
  </datafield>
  <datafield tag="951" ind1=" " ind2=" ">
    <subfield code="a">2026-04-18-10:49:15</subfield>
  </datafield>
  <datafield tag="980" ind1=" " ind2=" ">
    <subfield code="a">ARTICLE</subfield>
  </datafield>
</record>
</collection>